| 000 | 00829nam a22002417a 4500 | ||
|---|---|---|---|
| 003 | DO-SdBNP | ||
| 005 | 20250205092106.0 | ||
| 007 | ta | ||
| 008 | 210914e2015 dr a|||jr|||| 00| j spa d | ||
| 020 | _a9789945885088 | ||
| 040 |
_aDO-SdBNP _bspa _cBNPHU |
||
| 082 | 4 |
_222 _bR934u |
|
| 100 | 1 |
_aRuiz de Catrain, María Teresa _922649 |
|
| 245 | 1 | 0 |
_aUn canto a la natividad / _cMaría Teresa Ruiz de Catrain, Moisés Féliz, il. |
| 260 |
_a[Santo Domingo] : _bAmigo del Hogar, _c2015 |
||
| 300 |
_a48 p.: _bil.; _c27 cm |
||
| 490 |
_aArte Libro BHD León: _vUna Estrella, Un Camino y el Portal |
||
| 500 | _aEdición limitada y numerada. | ||
| 500 | _aEdición con versión en audio. | ||
| 590 | _aInventariado 2021 / MF | ||
| 830 |
_aArte Libro BHD León: _lspa _pUna Estrella, Un Camino y el Portal _979882 |
||
| 942 |
_2ddc _cLBS1 |
||
| 999 |
_c50507 _d50507 |
||